Romeinse Cijfers Decoderen - Statistieken

Algemene statistieken
  • Deze quiz is 6.109 keer genomen
  • De gemiddelde score is 12 van 20
Antwoordstatistieken
   Romeins    Arabisch % Correct
I 1
100%
MII 1002
100%
MIV 1004
100%
MVI 1006
100%
MXI 1011
100%
MXXI 1021
100%
MXXX 1030
100%
MXXXIV 1034
100%
MXXXV 1035
100%
MXLVIII 1048
100%
MXLIX 1049
100%
ML 1050
100%
MLXIII 1063
100%
MXCVI 1096
100%
MXCVII 1097
100%
MC 1100
100%
MCI 1101
100%
MCIV 1104
100%
MCVIII 1108
100%
MCXVII 1117
100%
MCXVIII 1118
100%
MCXXII 1122
100%
MCXXXVII 1137
100%
MCXXXVIII 1138
100%
MCL 1150
100%
MCLIV 1154
100%
MCLVII 1157
100%
MCLXIV 1164
100%
MCLXXXVIII 1188
100%
MCCI 1201
100%
MCCVI 1206
100%
MCCXIV 1214
100%
MCCXVIII 1218
100%
MCCXXVI 1226
100%
MCCLII 1252
100%
MCCLIV 1254
100%
MCCLXVI 1266
100%
MCCLXXI 1271
100%
MCCLXXVI 1276
100%
MCCLXXXVIII 1288
100%
MCCXCIV 1294
100%
MCCCI 1301
100%
MCCCIII 1303
100%
MCCCV 1305
100%
MCCCVI 1306
100%
MCCCXII 1312
100%
MCCCXIV 1314
100%
MCCCXXVIII 1328
100%
MCCCXXXI 1331
100%
MCCCXLVII 1347
100%
MCCCLVIII 1358
100%
MCCCLXII 1362
100%
MCCCLXVIII 1368
100%
MCCCLXXIV 1374
100%
MCCCLXXXI 1381
100%
MCDIX 1409
100%
MCDX 1410
100%
MCDXV 1415
100%
MCDXXIV 1424
100%
MCDXXV 1425
100%
MCDXXVII 1427
100%
MCDLXXII 1472
100%
MCDLXXXIX 1489
100%
MDII 1502
100%
MDVI 1506
100%
MDVIII 1508
100%
MDXII 1512
100%
MDXXIX 1529
100%
MDXXXII 1532
100%
MDXXXV 1535
100%
MDXLV 1545
100%
MDXLVI 1546
100%
MDLIV 1554
100%
MDLXXVIII 1578
100%
MDLXXXII 1582
100%
MDCI 1601
100%
MDCXIX 1619
100%
MDCXXI 1621
100%
MDCXXXV 1635
100%
MDCXXXVI 1636
100%
MDCXLIX 1649
100%
MDCLXXIX 1679
100%
MDCCI 1701
100%
MDCCXXVIII 1728
100%
MDCCXLIV 1744
100%
MDCCL 1750
100%
MDCCLV 1755
100%
MDCCLVII 1757
100%
MDCCLVIII 1758
100%
MDCCLIX 1759
100%
MDCCLXVII 1767
100%
MDCCLXXXII 1782
100%
MDCCLXXXIII 1783
100%
MDCCLXXXIX 1789
100%
MDCCXC 1790
100%
CLXXX 180
100%
MDCCCI 1801
100%
MDCCCXI 1811
100%
MDCCCXVI 1816
100%
MDCCCXXX 1830
100%
MDCCCXXXI 1831
100%
MDCCCLVII 1857
100%
MDCCCLXXI 1871
100%
MDCCCLXXVII 1877
100%
MDCCCLXXVIII 1878
100%
MDCCCLXXX 1880
100%
MDCCCXCII 1892
100%
MDCCCXCIV 1894
100%
MCMIII 1903
100%
MCMIX 1909
100%
MCMXVI 1916
100%
MCMXXI 1921
100%
MCMXXII 1922
100%
MCMXXXIX 1939
100%
MCMXLII 1942
100%
MCMXLIII 1943
100%
MCMXLVI 1946
100%
MCMXLIX 1949
100%
MCMLVII 1957
100%
MCMLXVIII 1968
100%
MCMLXXXIII 1983
100%
MCMLXXXV 1985
100%
MCMLXXXVIII 1988
100%
MCMXCII 1992
100%
MCMXCIV 1994
100%
MCMXCVIII 1998
100%
MM 2000
100%
DIII 503
100%
DXX 520
100%
DXXVI 526
100%
DXXXIII 533
100%
DXXXIX 539
100%
DLII 552
100%
DLXVII 567
100%
DLXXXIX 589
100%
DXCIX 599
100%
DCVI 606
100%
DCXIV 614
100%
DCXX 620
100%
DCXXX 630
100%
DCXXXIV 634
100%
DCXXXVI 636
100%
DCXXXVII 637
100%
DCXXXIX 639
100%
DCLXXIV 674
100%
DCLXXV 675
100%
DCXCVI 696
100%
DCCII 702
100%
DCCXXIV 724
100%
DCCXXVII 727
100%
DCCXXXI 731
100%
DCCLIX 759
100%
DCCLXXI 771
100%
DCCLXXV 775
100%
DCCLXXIX 779
100%
DCCLXXXIII 783
100%
DCCC 800
100%
DCCCII 802
100%
DCCCX 810
100%
DCCCXXVII 827
100%
DCCCXXXV 835
100%
DCCCXLII 842
100%
DCCCLI 851
100%
DCCCLV 855
100%
DCCCLIX 859
100%
DCCCLX 860
100%
DCCCLXV 865
100%
DCCCLXXI 871
100%
DCCCLXXVIII 878
100%
CMIII 903
100%
CMVIII 908
100%
CMXII 912
100%
CMXIX 919
100%
CMXXII 922
100%
CMXXXI 931
100%
CMXXXVIII 938
100%
CMLXXXIV 984
100%
CMXCV 995
100%
CMXCVII 997
100%
II 2
97%
CCC 300
95%
IV 4
95%
X 10
94%
V 5
94%
XI 11
93%
CCXXI 221
93%
III 3
93%
VI 6
93%
XV 15
92%
CCV 205
92%
LIII 53
92%
VII 7
92%
CCCV 305
91%
VIII 8
91%
IX 9
91%
XIII 13
90%
XXI 21
90%
C 100
89%
XII 12
89%
XX 20
89%
XXV 25
89%
L 50
89%
XVI 16
88%
XXIII 23
88%
XIV 14
87%
CCXXXII 232
86%
CCLXXXIV 284
86%
CI 101
85%
CIII 103
85%
LV 55
85%
CV 105
84%
XXXII 32
84%
MXXXIII 1033
83%
MLVII 1057
83%
MDXIII 1513
83%
CLVII 157
83%
MDXC 1590
83%
XXX 30
83%
XXXI 31
83%
XXXV 35
83%
CCCLXXXVIII 388
83%
LXX 70
83%
DCCXXVIII 728
83%
CMXXXVII 937
83%
CXCVI 196
82%
XXII 22
82%
CCLX 260
82%
CXXX 130
81%
XVII 17
81%
XVIII 18
81%
CCXXXIII 233
81%
XXXIII 33
81%
MXLV 1045
80%
MLXXI 1071
80%
MLXXXVI 1086
80%
MCVI 1106
80%
MCXVI 1116
80%
CXX 120
80%
MCCLXXXIII 1283
80%
MCCXCVI 1296
80%
MCCCL 1350
80%
MDCLXXXIV 1684
80%
MDCCCXXXIV 1834
80%
XIX 19
80%
CCVIII 208
80%
CCXLV 245
80%
CCCI 301
80%
CCCLXXXII 382
80%
CCCLXXXIX 389
80%
DIV 504
80%
DXCVII 597
80%
DC 600
80%
DCLXI 661
80%
DCLXXXII 682
80%
DCCI 701
80%
CII 102
79%
CXXI 121
79%
CLXXVII 177
79%
CCXIII 213
79%
XXIV 24
79%
CCCXXV 325
79%
CCCLXXVI 376
79%
LII 52
79%
LIV 54
79%
LX 60
79%
CLI 151
78%
CCXV 215
78%
XXVI 26
78%
XXIX 29
78%
CCCXXXIII 333
77%
LVII 57
77%
CX 110
76%
CCXCIX 299
76%
CCCXII 312
76%
CCCLV 355
76%
LI 51
76%
LVI 56
76%
M 1000
75%
MI 1001
75%
MVII 1007
75%
MXII 1012
75%
CVII 107
75%
CVIII 108
75%
MXC 1090
75%
MXCI 1091
75%
MCXXVIII 1128
75%
CXIII 113
75%
MCXXX 1130
75%
MCXXXIII 1133
75%
MCXXXV 1135
75%
MCLXXX 1180
75%
MCLXXXII 1182
75%
MCXCVI 1196
75%
MCCIX 1209
75%
MCCXV 1215
75%
MCCXIX 1219
75%
MCCXXIII 1223
75%
MCCXLVI 1246
75%
MCCLIII 1253
75%
MCCLXXV 1275
75%
MCCLXXVII 1277
75%
MCCLXXX 1280
75%
MCCLXXXVII 1287
75%
MCCCXVII 1317
75%
MCCCXXI 1321
75%
MCCCXXV 1325
75%
MCCCXXVI 1326
75%
MCCCXXXII 1332
75%
MCCCXXXV 1335
75%
MCCCXCIX 1399
75%
MCDIII 1403
75%
MCDXVIII 1418
75%
MD 1500
75%
MDV 1505
75%
MDXXI 1521
75%
MDXXX 1530
75%
MDLIII 1553
75%
MDLXXIII 1573
75%
MDLXXXIV 1584
75%
MDCVII 1607
75%
MDCLXVI 1666
75%
MDCCXXI 1721
75%
MCMXII 1912
75%
MCMXXXIII 1933
75%
MCMXXXVI 1936
75%
MCMLXXIV 1974
75%
MCMXC 1990
75%
CCI 201
75%
CCX 210
75%
CCLVII 257
75%
CCCXVI 316
75%
XXXVI 36
75%
XXXVII 37
75%
CCCLXXXIV 384
75%
DXXXII 532
75%
DLXIX 569
75%
DLXXV 575
75%
DLXXXI 581
75%
LXII 62
75%
DCXL 640
75%
DCXCI 691
75%
DCCXXXVII 737
75%
DCCXLVI 746
75%
DCCLXIX 769
75%
DCCCLIII 853
75%
CMI 901
75%
CMIV 904
75%
CMXXIII 923
75%
CMLXXXV 985
75%
CIV 104
74%
CXXII 122
74%
CXXIV 124
74%
CXXXI 131
74%
CCXIV 214
74%
XXVII 27
74%
XXXVIII 38
74%
CDLXXXVII 487
74%
CCCXXI 321
73%
CDL 450
73%
LXIV 64
73%
CXXIX 129
72%
XXVIII 28
72%
XXXIV 34
72%
CCCLXXV 375
72%
XC 90
72%
MLXXXI 1081
71%
MCDVIII 1408
71%
CCVI 206
71%
CCXXVI 226
71%
CCLIII 253
71%
CCCVI 306
71%
CCCXI 311
71%
CCCLVII 357
71%
CCCLXXXVI 386
71%
XXXIX 39
71%
CCCXCI 391
71%
XL 40
71%
DLXVI 566
71%
LXV 65
71%
DCCCV 805
71%
CXI 111
70%
CXXXV 135
70%
CCXXXIV 234
70%
CCCIII 303
70%
LXXXI 81
70%
CXV 115
69%
CC 200
69%
CCXXIV 224
69%
CCCXXXII 332
69%
CCCL 350
69%
CCCLXVII 367
69%
CCCLXXIV 374
69%
LXXIV 74
69%
XCII 92
69%
CIX 109
68%
CXVI 116
68%
CXXXVI 136
68%
CCXLVI 246
68%
CCCXLII 342
68%
LIX 59
68%
LXXI 71
68%
LXXIII 73
68%
MX 1010
67%
MXVIII 1018
67%
MXIX 1019
67%
MXXIV 1024
67%
MXXV 1025
67%
MXXVI 1026
67%
MXXXVII 1037
67%
MXXXVIII 1038
67%
MXLII 1042
67%
MLVI 1056
67%
MXCV 1095
67%
MCII 1102
67%
MCX 1110
67%
MCXXIII 1123
67%
MCXXIV 1124
67%
MCLXI 1161
67%
MCLXXIX 1179
67%
MCXCI 1191
67%
MCCII 1202
67%
MCCVIII 1208
67%
MCCXXXI 1231
67%
MCCXXXVIII 1238
67%
MCCL 1250
67%
MCCLVII 1257
67%
MCCLIX 1259
67%
MCCCXXVII 1327
67%
MCCCXXXVI 1336
67%
MCCCXXXVII 1337
67%
MCCCXLIII 1343
67%
MCCCXLVIII 1348
67%
MCCCLIV 1354
67%
MCCCLXIII 1363
67%
MCCCLXIV 1364
67%
MCCCLXXXII 1382
67%
MCD 1400
67%
MCDXXVI 1426
67%
MCDXXIX 1429
67%
MDXIV 1514
67%
MDXXXIII 1533
67%
MDXXXIV 1534
67%
MDXLII 1542
67%
MDLX 1560
67%
MDLXV 1565
67%
MDLXVII 1567
67%
MDLXXVI 1576
67%
MDXCVII 1597
67%
MDCXIII 1613
67%
MDCXXII 1622
67%
MDCXXXVIII 1638
67%
MDCLVII 1657
67%
MDCLXXXV 1685
67%
MDCLXXXVIII 1688
67%
MDCXCIV 1694
67%
MDCXCVIII 1698
67%
MDCCII 1702
67%
MDCCXLI 1741
67%
MDCCLI 1751
67%
MDCCLVI 1756
67%
MDCCCX 1810
67%
MDCCCXVIII 1818
67%
MDCCCXXIII 1823
67%
MDCCCXXV 1825
67%
MDCCCXXVI 1826
67%
MDCCCXXVII 1827
67%
MDCCCL 1850
67%
MDCCCLXXXIV 1884
67%
MDCCCXCV 1895
67%
MCMV 1905
67%
MCMXX 1920
67%
MCMXXIII 1923
67%
MCMXLI 1941
67%
MCMLI 1951
67%
MCMLIII 1953
67%
MCMLXIX 1969
67%
MCMLXXXVII 1987
67%
MCMXCVII 1997
67%
CCLXI 261
67%
CCLXIII 263
67%
CCLXIV 264
67%
CCXC 290
67%
CCCVII 307
67%
CCCX 310
67%
CCCXXXV 335
67%
CCCLX 360
67%
CCCLXXIII 373
67%
XLII 42
67%
DII 502
67%
DV 505
67%
DXXIV 524
67%
DXXXVII 537
67%
DXLV 545
67%
DXLVI 546
67%
DXLVII 547
67%
LVIII 58
67%
DXCVI 596
67%
DCX 610
67%
DCXVIII 618
67%
DCXXXI 631
67%
DCXLV 645
67%
DCLIV 654
67%
DCLIX 659
67%
DCLXXXIII 683
67%
DCXCIX 699
67%
DCC 700
67%
DCCIII 703
67%
DCCXII 712
67%
DCCXXII 722
67%
DCCXXIX 729
67%
DCCXXXV 735
67%
DCCXLVIII 748
67%
DCCL 750
67%
DCCLII 752
67%
DCCLXI 761
67%
DCCLXVIII 768
67%
DCCXCIX 799
67%
DCCCVII 807
67%
DCCCXIV 814
67%
DCCCXXXI 831
67%
DCCCXXXVIII 838
67%
DCCCXXXIX 839
67%
DCCCLXIV 864
67%
DCCCLXIX 869
67%
DCCCLXXII 872
67%
CMV 905
67%
CMX 910
67%
CMXV 915
67%
CMLV 955
67%
CMLXV 965
67%
CMLXXIX 979
67%
CMLXXXIX 989
67%
CMXCVI 996
67%
CXVII 117
66%
CCCLXX 370
66%
XLI 41
66%
LXIII 63
66%
LXXXIII 83
66%
CXXIII 123
65%
CXXVII 127
65%
CXL 140
65%
CLXX 170
65%
CLXXXI 181
65%
CCXXVII 227
65%
CCXXXI 231
65%
CCL 250
65%
CCCVIII 308
65%
CCCXIII 313
65%
CCCXIV 314
65%
CCCXXII 322
65%
CCCXXVIII 328
65%
CCCXLIV 344
65%
XLV 45
65%
LXXIX 79
65%
LXXX 80
65%
CVI 106
64%
CLXI 161
64%
CLXIII 163
64%
CCXXV 225
64%
CCLXXV 275
64%
CCLXXXVIII 288
64%
CCLXXXIX 289
64%
LXI 61
64%
LXIX 69
64%
XCIX 99
64%
MIX 1009
63%
CXIV 114
63%
CXIX 119
63%
CLII 152
63%
CLX 160
63%
MDCII 1602
63%
CCXVI 216
63%
CCXXX 230
63%
CCXXXIX 239
63%
CCLI 251
63%
CCLVIII 258
63%
CCLXVII 267
63%
CCLXXXI 281
63%
CCCIX 309
63%
CCCXVIII 318
63%
CCCXXVII 327
63%
CCCXXXIX 339
63%
CCCLXXIX 379
63%
XLVI 46
63%
DCCVII 707
63%
LXXXII 82
63%
CXXXIV 134
62%
CXXXIX 139
62%
CLXXXVII 187
62%
CCIII 203
62%
CCXLIII 243
62%
CCLIX 259
62%
CCLXV 265
62%
CCLXXII 272
62%
CCLXXIX 279
62%
CCCXX 320
62%
CCCLXXI 371
62%
LXVI 66
62%
LXXII 72
62%
LXXXV 85
62%
XCV 95
62%
CXXV 125
61%
CXXVI 126
61%
CL 150
61%
CXC 190
61%
CCXCIV 294
61%
CCCLIII 353
61%
CCCXC 390
61%
XLIII 43
61%
LXXV 75
61%
LXXVIII 78
61%
XCIII 93
61%
XCVI 96
61%
MXV 1015
60%
MXXXVI 1036
60%
MLXIX 1069
60%
MCXXVI 1126
60%
MCXXXIX 1139
60%
MCLXXVIII 1178
60%
MCC 1200
60%
MCCXII 1212
60%
MCCXLIX 1249
60%
MCCLXII 1262
60%
MCCLXV 1265
60%
MCCCIX 1309
60%
MCCCXVIII 1318
60%
MCCCXIX 1319
60%
CXXXII 132
60%
MCCCLXVII 1367
60%
CXXXVIII 138
60%
MCDV 1405
60%
MCDLXVII 1467
60%
CLV 155
60%
MDCXLIV 1644
60%
CLXIX 169
60%
MDCCXXIV 1724
60%
MDCCXXX 1730
60%
CLXXIV 174
60%
MDCCLXI 1761
60%
MDCCCXXXV 1835
60%
CLXXXV 185
60%
MDCCCLI 1851
60%
MDCCCLIV 1854
60%
MCMXXIX 1929
60%
CXCIV 194
60%
CCXI 211
60%
CCXIX 219
60%
CCXXIII 223
60%
CCLVI 256
60%
CCCLXXXV 385
60%
XLIX 49
60%
D 500
60%
DX 510
60%
DLVII 557
60%
DCXXXII 632
60%
DCLI 651
60%
DCLXII 662
60%
DCCVIII 708
60%
DCCIX 709
60%
DCCCXV 815
60%
DCCCXXXVI 836
60%
DCCCLXXXIII 883
60%
DCCCLXXXIX 889
60%
XCI 91
60%
CMXXIV 924
60%
CMLXXIII 973
60%
CMLXXXVII 987
60%
CXLII 142
59%
CXLI 141
58%
CCCII 302
58%
CCCXXVI 326
58%
CCCXXIX 329
58%
CCCLII 352
58%
CCCLIX 359
58%
XLIV 44
58%
LXVII 67
58%
LXXXVI 86
58%
MCLXXII 1172
57%
MCXCIV 1194
57%
MCCCXXIV 1324
57%
CLXII 162
57%
CLXV 165
57%
CCIV 204
57%
CCXVII 217
57%
CCXXXVIII 238
57%
CCLXXIII 273
57%
CCXCI 291
57%
CCCXXX 330
57%
CCCXXXVII 337
57%
XLVII 47
57%
DXXII 522
57%
DCXXXVIII 638
57%
DCXCV 695
57%
CMXLI 941
57%
CXII 112
56%
MCCV 1205
56%
CXLV 145
56%
CLXXII 172
56%
CLXXXIV 184
56%
CCLXVIII 268
56%
CCCXXXIV 334
56%
CCCXXXVI 336
56%
CCCXXXVIII 338
56%
CCCLI 351
56%
CCCLXXXVII 387
56%
CCCXCVII 397
56%
CDLII 452
56%
CDLXV 465
56%
DCCXLI 741
56%
LXXVII 77
56%
LXXXVIII 88
56%
CMXI 911
56%
CXXXIII 133
55%
CLIII 153
55%
CXCIII 193
55%
CCII 202
55%
CCXLIX 249
55%
CDLXXVIII 478
55%
LXXXIV 84
55%
CCLXXXVI 286
54%
CCXCVII 297
54%
CCCXVII 317
54%
CCCLXXX 380
54%
CDVIII 408
54%
CDXXXIV 434
54%
LXVIII 68
54%
CLVI 156
53%
CLXVII 167
53%
CXCII 192
53%
CCLV 255
53%
CCLXXXVII 287
53%
CCCLXI 361
53%
CCCLXV 365
53%
CCCXCVIII 398
53%
CDXXI 421
53%
CDXXVI 426
53%
CDXXXIII 433
53%
CDLIII 453
53%
XLVIII 48
53%
CDXCV 495
53%
LXXVI 76
53%
LXXXIX 89
53%
CCLIV 254
52%
CCCIV 304
52%
LXXXVII 87
51%
MIII 1003
50%
MV 1005
50%
MXIII 1013
50%
MXVI 1016
50%
MXVII 1017
50%
MXXII 1022
50%
MXXIII 1023
50%
MXXVIII 1028
50%
MXXIX 1029
50%
MXXXIX 1039
50%
MXLVI 1046
50%
MLX 1060
50%
MLXI 1061
50%
MLXVIII 1068
50%
MLXX 1070
50%
MLXXVII 1077
50%
MLXXVIII 1078
50%
MLXXXV 1085
50%
MLXXXVIII 1088
50%
MXCII 1092
50%
MXCIII 1093
50%
MXCIX 1099
50%
MCIII 1103
50%
MCVII 1107
50%
MCXI 1111
50%
MCXX 1120
50%
MCXLI 1141
50%
MCXLV 1145
50%
MCXLVI 1146
50%
MCXLIX 1149
50%
MCLII 1152
50%
MCLV 1155
50%
MCLX 1160
50%
MCLXVIII 1168
50%
MCLXX 1170
50%
MCLXXIII 1173
50%
MCLXXV 1175
50%
MCLXXVI 1176
50%
MCLXXXI 1181
50%
MCLXXXVII 1187
50%
MCLXXXIX 1189
50%
MCXC 1190
50%
MCCIV 1204
50%
MCCXVI 1216
50%
MCCXXXIV 1234
50%
MCCXXXVII 1237
50%
MCCXXXIX 1239
50%
MCCXL 1240
50%
MCCXLVII 1247
50%
MCCLVIII 1258
50%
MCCLX 1260
50%
MCCLXI 1261
50%
MCCLXXII 1272
50%
MCCLXXIV 1274
50%
MCCLXXVIII 1278
50%
MCCXCI 1291
50%
MCCXCII 1292
50%
MCCXCIII 1293
50%
MCCCII 1302
50%
MCCCIV 1304
50%
MCCCVIII 1308
50%
MCCCXXXVIII 1338
50%
MCCCXXXIX 1339
50%
MCCCXLI 1341
50%
MCCCXLII 1342
50%
MCCCXLIV 1344
50%
MCCCLII 1352
50%
MCCCLIII 1353
50%
CXXXVII 137
50%
MCCCLXXI 1371
50%
MCCCLXXIII 1373
50%
MCCCLXXVIII 1378
50%
MCCCLXXX 1380
50%
MCCCLXXXVII 1387
50%
MCCCXC 1390
50%
MCCCXCVI 1396
50%
MCCCXCVIII 1398
50%
MCDII 1402
50%
MCDIV 1404
50%
MCDXXVIII 1428
50%
MCDXXXI 1431
50%
MCDXXXIII 1433
50%
MCDXL 1440
50%
MCDXLVI 1446
50%
MCDXLVII 1447
50%
MCDL 1450
50%
MCDLII 1452
50%
MCDLIV 1454
50%
MCDLXX 1470
50%
MCDLXXX 1480
50%
MCDLXXXI 1481
50%
MCDLXXXII 1482
50%
CXLIX 149
50%
MCDXCIV 1494
50%
MDX 1510
50%
MDXI 1511
50%
MDXXIV 1524
50%
MDXXV 1525
50%
MDXLI 1541
50%
MDLI 1551
50%
MDLII 1552
50%
MDLV 1555
50%
MDLIX 1559
50%
MDLXXII 1572
50%
MDLXXV 1575
50%
MDLXXXV 1585
50%
MDLXXXVI 1586
50%
MDXCII 1592
50%
MDXCV 1595
50%
MDXCVIII 1598
50%
MDC 1600
50%
MDCVI 1606
50%
MDCIX 1609
50%
MDCX 1610
50%
MDCXVII 1617
50%
MDCXVIII 1618
50%
MDCXX 1620
50%
MDCXXVIII 1628
50%
MDCXXX 1630
50%
MDCXXXI 1631
50%
MDCXXXIII 1633
50%
MDCXLI 1641
50%
MDCXLIII 1643
50%
MDCXLVI 1646
50%
MDCLIII 1653
50%
MDCLIV 1654
50%
CLXVI 166
50%
MDCLXV 1665
50%
MDCLXX 1670
50%
MDCLXXX 1680
50%
MDCLXXXVI 1686
50%
MDCXCII 1692
50%
MDCXCIII 1693
50%
MDCXCVI 1696
50%
MDCXCVII 1697
50%
CLXXI 171
50%
MDCCXI 1711
50%
MDCCXVI 1716
50%
MDCCXVIII 1718
50%
MDCCXXIX 1729
50%
MDCCXXXII 1732
50%
MDCCXXXVI 1736
50%
MDCCXL 1740
50%
MDCCXLII 1742
50%
MDCCXLV 1745
50%
MDCCLIII 1753
50%
MDCCLXIII 1763
50%
MDCCLXV 1765
50%
MDCCLXVIII 1768
50%
MDCCLXX 1770
50%
MDCCLXXI 1771
50%
MDCCLXXIII 1773
50%
MDCCLXXVI 1776
50%
MDCCLXXVII 1777
50%
CLXXVIII 178
50%
MDCCLXXX 1780
50%
MDCCLXXXVII 1787
50%
MDCCXCII 1792
50%
MDCCXCIV 1794
50%
MDCCXCVI 1796
50%
MDCCXCIX 1799
50%
MDCCCIII 1803
50%
MDCCCXVII 1817
50%
MDCCCXXIV 1824
50%
MDCCCXXVIII 1828
50%
CLXXXIII 183
50%
MDCCCXLIII 1843
50%
MDCCCXLIV 1844
50%
MDCCCXLV 1845
50%
MDCCCXLVIII 1848
50%
MDCCCLV 1855
50%
MDCCCLXII 1862
50%
MDCCCLXVII 1867
50%
MDCCCLXXXI 1881
50%
MDCCCLXXXII 1882
50%
MDCCCLXXXIII 1883
50%
MDCCCLXXXV 1885
50%
MDCCCXC 1890
50%
MDCCCXCIX 1899
50%
MCMVI 1906
50%
CXCI 191
50%
MCMXI 1911
50%
MCMXIII 1913
50%
MCMXIV 1914
50%
MCMXVII 1917
50%
MCMXXXIV 1934
50%
MCMXXXVII 1937
50%
MCMXLVIII 1948
50%
MCMLV 1955
50%
MCMLVI 1956
50%
MCMLXI 1961
50%
MCMLXXI 1971
50%
MCMLXXXIV 1984
50%
MCMXCV 1995
50%
CCXVIII 218
50%
CCXXXV 235
50%
CCXLVII 247
50%
CCLXXIV 274
50%
CCLXXVII 277
50%
CCCXXXI 331
50%
CCCXLVII 347
50%
CCCLVI 356
50%
CCCLXII 362
50%
CCCLXIII 363
50%
CCCLXVIII 368
50%
CCCLXXII 372
50%
CCCLXXXI 381
50%
CCCXCII 392
50%
CDXV 415
50%
CDXXXI 431
50%
CDLXI 461
50%
CDLXXXIV 484
50%
CDXC 490
50%
CDXCII 492
50%
DI 501
50%
DVII 507
50%
DXIII 513
50%
DXIV 514
50%
DXVI 516
50%
DXVII 517
50%
DXXI 521
50%
DXXVIII 528
50%
DXXIX 529
50%
DXXX 530
50%
DXXXIV 534
50%
DXXXVI 536
50%
DXL 540
50%
DXLII 542
50%
DXLIII 543
50%
DXLVIII 548
50%
DL 550
50%
DLVI 556
50%
DLXIV 564
50%
DLXXII 572
50%
DLXXVI 576
50%
DLXXXIV 584
50%
DLXXXVII 587
50%
DXCIII 593
50%
DCIII 603
50%
DCIV 604
50%
DCVII 607
50%
DCIX 609
50%
DCXIII 613
50%
DCXV 615
50%
DCXIX 619
50%
DCXXII 622
50%
DCXXVIII 628
50%
DCXXIX 629
50%
DCXXXIII 633
50%
DCXLIV 644
50%
DCXLVI 646
50%
DCXLIX 649
50%
DCL 650
50%
DCLXVI 666
50%
DCLXVII 667
50%
DCLXIX 669
50%
DCLXXI 671
50%
DCLXXII 672
50%
DCLXXVI 676
50%
DCLXXXVII 687
50%
DCXC 690
50%
DCCVI 706
50%
DCCX 710
50%
DCCXI 711
50%
DCCXIX 719
50%
DCCXXI 721
50%
DCCXXV 725
50%
DCCXXXIII 733
50%
DCCXL 740
50%
DCCLXII 762
50%
DCCLXV 765
50%
DCCLXVI 766
50%
DCCLXVII 767
50%
DCCLXX 770
50%
DCCXC 790
50%
DCCXCII 792
50%
DCCXCVII 797
50%
DCCCIII 803
50%
DCCCIV 804
50%
DCCCVIII 808
50%
DCCCIX 809
50%
DCCCXVIII 818
50%
DCCCXIX 819
50%
DCCCXX 820
50%
DCCCXXII 822
50%
DCCCXXX 830
50%
DCCCXXXII 832
50%
DCCCXXXVII 837
50%
DCCCXL 840
50%
DCCCXLIII 843
50%
DCCCXLIX 849
50%
DCCCL 850
50%
DCCCLXI 861
50%
DCCCLXIII 863
50%
DCCCLXXV 875
50%
DCCCLXXXIV 884
50%
DCCCXC 890
50%
DCCCXCIII 893
50%
DCCCXCVI 896
50%
DCCCXCVII 897
50%
CMVI 906
50%
CMIX 909
50%
CMXIV 914
50%
CMXX 920
50%
CMXXI 921
50%
CMXXV 925
50%
CMXXVIII 928
50%
CMXXXIX 939
50%
CMXLII 942
50%
CMXLIII 943
50%
CMXLVI 946
50%
CMXLVIII 948
50%
CML 950
50%
CMLVI 956
50%
CMLX 960
50%
CMLXI 961
50%
CMLXII 962
50%
CMLXIII 963
50%
CMLXVII 967
50%
CMLXVIII 968
50%
CMLXX 970
50%
CMLXXII 972
50%
CMLXXV 975
50%
CMLXXVI 976
50%
CMLXXXIII 983
50%
CMXCI 991
50%
CMXCVIII 998
50%
CXLIII 143
49%
CXLVII 147
49%
XCVII 97
49%
XCVIII 98
49%
CCXXII 222
48%
CCCXV 315
48%
CDII 402
48%
CDXX 420
48%
CDXXII 422
48%
XCIV 94
48%
CXXVIII 128
47%
CLVIII 158
47%
CLXIV 164
47%
CCLXIX 269
47%
CCLXXXV 285
47%
CCXCII 292
47%
CCXCIII 293
47%
CCCXXIII 323
47%
CCCXLVI 346
47%
CCCXCIX 399
47%
CDXVI 416
47%
CDXXXVIII 438
47%
CDXLVI 446
47%
CLIX 159
46%
CCXII 212
46%
CCLXX 270
46%
CCCXL 340
46%
CCCXCV 395
46%
CXLIV 144
45%
CCXXIX 229
45%
CCXLVIII 248
45%
CCCXLI 341
45%
CCCLXXXIII 383
45%
CCCXCIII 393
45%
CDLVIII 458
45%
DCCXXXVI 736
45%
MCXV 1115
44%
MCXCVIII 1198
44%
CLXXVI 176
44%
CCXXVIII 228
44%
CCXLI 241
44%
CCLXXX 280
44%
CCLXXXII 282
44%
CCCXXIV 324
44%
CD 400
44%
CDIII 403
44%
CDXII 412
44%
CDLXXV 475
44%
CDLXXX 480
44%
DCCLIII 753
44%
DCCCLXXXVI 886
44%
MLVIII 1058
43%
MCCXXI 1221
43%
MCCCXI 1311
43%
MCCCLX 1360
43%
CXLVI 146
43%
MCDLXIV 1464
43%
MDL 1550
43%
MDCXLVIII 1648
43%
CLXXIII 173
43%
CLXXXVI 186
43%
MCMLXIV 1964
43%
MCMLXXXIX 1989
43%
CXCIX 199
43%
CCXL 240
43%
CCLXXI 271
43%
CCCXLVIII 348
43%
CDLX 460
43%
CDLXVI 466
43%
CDLXXXVI 486
43%
CDLXXXVIII 488
43%
DCII 602
43%
DCV 605
43%
DCLXXXVI 686
43%
CMXVIII 918
43%
CMXLVII 947
43%
CMLII 952
43%
CXVIII 118
42%
CLXXV 175
42%
CLXXIX 179
42%
CLXXXII 182
42%
CLXXXIX 189
42%
CXCVIII 198
42%
CCCLIV 354
42%
CCCLVIII 358
42%
CDI 401
42%
CDXXIII 423
42%
CCXX 220
41%
CCXCVIII 298
41%
CCCXCIV 394
41%
CCCXCVI 396
41%
CDXLI 441
41%
CDXLVII 447
41%
CDXLVIII 448
41%
CDLXXI 471
41%
MXIV 1014
40%
MXXXII 1032
40%
MLXXV 1075
40%
MCLVI 1156
40%
MCLXII 1162
40%
MCCVII 1207
40%
MCCXVII 1217
40%
MCCXX 1220
40%
MCCXLII 1242
40%
MCCCLXXV 1375
40%
MCCCXCII 1392
40%
MCDXLI 1441
40%
MCDLXXXV 1485
40%
MDIX 1509
40%
MDXX 1520
40%
MDXL 1540
40%
MDLVIII 1558
40%
MDLXI 1561
40%
MDLXXI 1571
40%
MDLXXIX 1579
40%
MDCCVII 1707
40%
MDCCXVII 1717
40%
MDCCXXXIV 1734
40%
MDCCXXXVIII 1738
40%
MDCCXXXIX 1739
40%
MDCCLXXXVI 1786
40%
MDCCCXIV 1814
40%
MDCCCXXXVII 1837
40%
MDCCCXXXIX 1839
40%
MDCCCLXVI 1866
40%
MCMXXIV 1924
40%
MCMXXX 1930
40%
CCLXXVIII 278
40%
CCLXXXIII 283
40%
CCXCVI 296
40%
CCCXIX 319
40%
CCCLXXVII 377
40%
CDIX 409
40%
CDLI 451
40%
DCXVII 617
40%
DCLII 652
40%
DCLX 660
40%
DCLXIII 663
40%
DCXCIII 693
40%
DCCXXIII 723
40%
DCCLXXXIX 789
40%
DCCCXXI 821
40%
DCCCXXVI 826
40%
DCCCXXXIV 834
40%
DCCCXLI 841
40%
DCCCXLV 845
40%
DCCCLII 852
40%
CMVII 907
40%
CMXXIX 929
40%
CMXXX 930
40%
CMXXXII 932
40%
CMXXXIV 934
40%
CMLIX 959
40%
CMLXXVIII 978
40%
CLIV 154
39%
CCCLXIX 369
39%
CDXIII 413
39%
CDXXVIII 428
39%
MCCLXXXIV 1284
38%
MCCCLXI 1361
38%
CXLVIII 148
38%
CLXXXVIII 188
38%
CXCVII 197
38%
CCIX 209
38%
CCXXXVII 237
38%
CCLII 252
38%
CCCLXXVIII 378
38%
CDXXXVI 436
38%
CDLXXII 472
38%
CDXCIII 493
38%
CDVII 407
37%
CDLV 455
37%
CDXCVIII 498
37%
CCCXLIX 349
36%
CDXXX 430
36%
CDXLII 442
36%
CCCLXVI 366
35%
CDV 405
35%
CDX 410
35%
CDXXXIX 439
35%
CDLXXXI 481
35%
CDXCIV 494
35%
MVIII 1008
33%
MXXVII 1027
33%
MLII 1052
33%
MLXVI 1066
33%
MLXXIII 1073
33%
MLXXIX 1079
33%
MLXXXIII 1083
33%
MCXII 1112
33%
MCXXVII 1127
33%
MCXXXVI 1136
33%
MCXLIII 1143
33%
MCLIX 1159
33%
MCLXIX 1169
33%
MCLXXI 1171
33%
MCCX 1210
33%
MCCXI 1211
33%
MCCXIII 1213
33%
MCCXXVIII 1228
33%
MCCXXIX 1229
33%
MCCXXX 1230
33%
MCCXLI 1241
33%
MCCXLIV 1244
33%
MCCLV 1255
33%
MCCLVI 1256
33%
MCCLXVIII 1268
33%
MCCLXXIII 1273
33%
MCCLXXIX 1279
33%
MCCXCVIII 1298
33%
MCCCVII 1307
33%
MCCCXV 1315
33%
MCCCXXIII 1323
33%
MCCCXXIX 1329
33%
MCCCXXX 1330
33%
MCCCXXXIV 1334
33%
MCCCXLV 1345
33%
MCCCLVI 1356
33%
MCCCLVII 1357
33%
MCCCLIX 1359
33%
MCCCLXV 1365
33%
MCCCLXXXIII 1383
33%
MCCCLXXXVI 1386
33%
MCCCXCIV 1394
33%
MCDVII 1407
33%
MCDXXX 1430
33%
MCDXXXIV 1434
33%
MCDXXXVII 1437
33%
MCDXLIV 1444
33%
MCDLXVI 1466
33%
MCDLXIX 1469
33%
MCDLXXVI 1476
33%
MCDXCIII 1493
33%
MCDXCIX 1499
33%
MDXV 1515
33%
MDXXIII 1523
33%
MDXXVIII 1528
33%
MDXXXVII 1537
33%
MDXXXIX 1539
33%
MDXLIV 1544
33%
MDLXIV 1564
33%
MDLXXIV 1574
33%
MDLXXVII 1577
33%
MDXCIX 1599
33%
MDCVIII 1608
33%
MDCXI 1611
33%
MDCXXV 1625
33%
MDCXXVII 1627
33%
MDCXXIX 1629
33%
MDCXXXIX 1639
33%
MDCXLII 1642
33%
MDCLI 1651
33%
MDCLVI 1656
33%
MDCLXVII 1667
33%
MDCLXXI 1671
33%
MDCLXXII 1672
33%
MDCXCV 1695
33%
MDCXCIX 1699
33%
MDCCIX 1709
33%
MDCCXX 1720
33%
MDCCXXXI 1731
33%
MDCCXXXIII 1733
33%
MDCCXLIX 1749
33%
MDCCLII 1752
33%
MDCCLX 1760
33%
MDCCLXII 1762
33%
MDCCLXIX 1769
33%
MDCCLXXIV 1774
33%
MDCCLXXIX 1779
33%
MDCCLXXXI 1781
33%
MDCCLXXXV 1785
33%
MDCCXCI 1791
33%
MDCCCVIII 1808
33%
MDCCCXV 1815
33%
MDCCCXXXVI 1836
33%
MDCCCXL 1840
33%
MDCCCXLVII 1847
33%
MDCCCLII 1852
33%
MDCCCLIII 1853
33%
MDCCCLXX 1870
33%
MDCCCXCVI 1896
33%
MDCCCXCVIII 1898
33%
MCMX 1910
33%
MCMXV 1915
33%
MCMXXVI 1926
33%
MCMXXXI 1931
33%
MCMXLVII 1947
33%
MCML 1950
33%
MCMLVIII 1958
33%
MCMLX 1960
33%
MCMLXIII 1963
33%
MCMLXVII 1967
33%
MCMLXX 1970
33%
MCMLXXII 1972
33%
MCMLXXV 1975
33%
MCMLXXXII 1982
33%
MCMXCI 1991
33%
CCVII 207
33%
CCXXXVI 236
33%
CDXVII 417
33%
CDXL 440
33%
CDLIV 454
33%
CDLXXVII 477
33%
CDLXXXIII 483
33%
CDLXXXV 485
33%
DVIII 508
33%
DIX 509
33%
DXI 511
33%
DXII 512
33%
DLI 551
33%
DLXIII 563
33%
DLXV 565
33%
DLXXIV 574
33%
DLXXVII 577
33%
DLXXIX 579
33%
DLXXX 580
33%
DLXXXII 582
33%
DLXXXV 585
33%
DLXXXVIII 588
33%
DXCIV 594
33%
DCXI 611
33%
DCXXIII 623
33%
DCLIII 653
33%
DCLVI 656
33%
DCLXXXI 681
33%
DCLXXXIX 689
33%
DCXCIV 694
33%
DCCV 705
33%
DCCXV 715
33%
DCCXVII 717
33%
DCCXLVII 747
33%
DCCLVI 756
33%
DCCLVII 757
33%
DCCLVIII 758
33%
DCCLXIV 764
33%
DCCLXXIV 774
33%
DCCLXXVIII 778
33%
DCCLXXX 780
33%
DCCLXXXII 782
33%
DCCXCI 791
33%
DCCCXI 811
33%
DCCCXII 812
33%
DCCCXVI 816
33%
DCCCXLVII 847
33%
DCCCXLVIII 848
33%
DCCCLVI 856
33%
DCCCLVIII 858
33%
DCCCLXX 870
33%
DCCCLXXVII 877
33%
DCCCLXXXV 885
33%
DCCCLXXXVIII 888
33%
DCCCXCII 892
33%
CMXVI 916
33%
CMXXVII 927
33%
CMXLIV 944
33%
CMLVII 957
33%
CCLXXVI 276
32%
CDXVIII 418
32%
CDLXXIV 474
32%
CDLXXIX 479
32%
CCLXII 262
31%
CCCXLIII 343
31%
CDXXXII 432
31%
CDLXX 470
31%
CCXCV 295
30%
CDXXIX 429
30%
CDXXXV 435
30%
CDXLIX 449
30%
MCCXLV 1245
29%
MCCCXLIX 1349
29%
MCCCLXXIX 1379
29%
MDVII 1507
29%
MDCCXV 1715
29%
MCMVIII 1908
29%
CXCV 195
29%
CDXXXVII 437
29%
CDLXIII 463
29%
CDLXIV 464
29%
CDXCVI 496
29%
DXLI 541
29%
DCCLIV 754
29%
DCCCXXXIII 833
29%
CMLXXIV 974
29%
CDXIX 419
28%
CDLIX 459
28%
CDXXV 425
27%
CDLXIX 469
27%
CDLXXVI 476
27%
CDXCVII 497
27%
CCXLII 242
26%
CDXXVII 427
26%
MXLIII 1043
25%
MCV 1105
25%
MCXLVII 1147
25%
MCLIII 1153
25%
MCLXXIV 1174
25%
MCCXXVII 1227
25%
MCCLXXXI 1281
25%
MCCXC 1290
25%
MCCXCVII 1297
25%
MCCCXXXIII 1333
25%
MCCCLXXVII 1377
25%
MCCCXCI 1391
25%
MCDLVIII 1458
25%
MCDLXXVIII 1478
25%
MCDLXXXIV 1484
25%
MCDLXXXVI 1486
25%
MCDXCII 1492
25%
MDIII 1503
25%
MDXVIII 1518
25%
MDXLIX 1549
25%
MDLXVI 1566
25%
MDLXXX 1580
25%
MDCV 1605
25%
MDCLXIV 1664
25%
MDCLXXV 1675
25%
MDCLXXXVII 1687
25%
MDCCXXIII 1723
25%
MDCCXLVII 1747
25%
MDCCLXIV 1764
25%
MDCCLXVI 1766
25%
MDCCLXXII 1772
25%
MDCCXCIII 1793
25%
MDCCCII 1802
25%
MDCCCV 1805
25%
MDCCCIX 1809
25%
MDCCCXX 1820
25%
MDCCCLXIX 1869
25%
MDCCCLXXIII 1873
25%
MDCCCLXXXVIII 1888
25%
MCMVII 1907
25%
MCMXLIV 1944
25%
MCMLXXIII 1973
25%
CCXLIV 244
25%
CCCLXIV 364
25%
CDLXVII 467
25%
CDLXXIII 473
25%
CDLXXXII 482
25%
DVI 506
25%
DXXV 525
25%
DXLIV 544
25%
DLXXXIII 583
25%
DXCI 591
25%
DCI 601
25%
DCVIII 608
25%
DCXXVII 627
25%
DCXLI 641
25%
DCXLII 642
25%
DCLXX 670
25%
DCCXIV 714
25%
DCCXVI 716
25%
DCCLXXVII 777
25%
DCCLXXXVI 786
25%
DCCLXXXVII 787
25%
DCCXCV 795
25%
DCCCXIII 813
25%
DCCCXXIV 824
25%
DCCCXXV 825
25%
DCCCXLIV 844
25%
DCCCLXVII 867
25%
DCCCLXXIV 874
25%
DCCCXCV 895
25%
CMXXXIII 933
25%
CMLIII 953
25%
CMLXXXI 981
25%
CDIV 404
24%
CDXCIX 499
24%
CDXLIII 443
22%
CDXLV 445
22%
CDLVI 456
22%
CLXVIII 168
21%
CCLXVI 266
21%
MLXXXII 1082
20%
MCXCV 1195
20%
MCCXCIX 1299
20%
MCDXIV 1414
20%
MCDXVI 1416
20%
MCDXXXV 1435
20%
MCDXLV 1445
20%
MCDLV 1455
20%
MCDLXVIII 1468
20%
MCDLXXI 1471
20%
MCDLXXIX 1479
20%
MDIV 1504
20%
MDXLIII 1543
20%
MDLVI 1556
20%
MDLXVIII 1568
20%
MDLXX 1570
20%
MDCIV 1604
20%
MDCXV 1615
20%
MDCLVIII 1658
20%
MDCLXXIV 1674
20%
MDCCXIX 1719
20%
MDCCXXXVII 1737
20%
MDCCLIV 1754
20%
MDCCXCV 1795
20%
MDCCCXXXIII 1833
20%
MDCCCLIX 1859
20%
MCMLXII 1962
20%
MCMLXXXVI 1986
20%
CCCXLV 345
20%
CDXI 411
20%
CDLVII 457
20%
CDLXII 462
20%
CDLXVIII 468
20%
DXXXV 535
20%
DXLIX 549
20%
DLXXIII 573
20%
DCXXI 621
20%
DCLXXX 680
20%
DCCXLII 742
20%
DCCXLV 745
20%
DCCLXXXVIII 788
20%
DCCXCIII 793
20%
DCCCLXXX 880
20%
CMLXVI 966
20%
CMLXXXVI 986
20%
CDXIV 414
19%
CDXCI 491
19%
CDXXIV 424
18%
MXCVIII 1098
17%
MCXLII 1142
17%
MCLXXXIV 1184
17%
MCCXLVIII 1248
17%
MCCLXX 1270
17%
MCDXVII 1417
17%
MCDXXIII 1423
17%
MCDXLIX 1449
17%
MDXLVII 1547
17%
MDCXXXIV 1634
17%
MDCL 1650
17%
MDCLII 1652
17%
MDCCV 1705
17%
MCMLXXIX 1979
17%
DCXXV 625
17%
DCLVIII 658
17%
DCCXXXII 732
17%
DCCLXXII 772
17%
CMLXXXII 982
17%
CDLXXXIX 489
16%
MXXXI 1031
14%
MCDLXI 1461
14%
MDLXXXIX 1589
14%
MDCXC 1690
14%
MDCCCVII 1807
14%
MDCCCLXVIII 1868
14%
DLXXI 571
14%
DCCCXVII 817
14%
MCXCIII 1193
13%
MDCCC 1800
13%
CDXLIV 444
13%
DLXX 570
13%
CDVI 406
7%
MXX 1020
0%
MXL 1040
0%
MXLI 1041
0%
MXLIV 1044
0%
MXLVII 1047
0%
MLI 1051
0%
MLIII 1053
0%
MLIV 1054
0%
MLV 1055
0%
MLIX 1059
0%
MLXII 1062
0%
MLXIV 1064
0%
MLXV 1065
0%
MLXVII 1067
0%
MLXXII 1072
0%
MLXXIV 1074
0%
MLXXVI 1076
0%
MLXXX 1080
0%
MLXXXIV 1084
0%
MLXXXVII 1087
0%
MLXXXIX 1089
0%
MXCIV 1094
0%
MCIX 1109
0%
MCXIII 1113
0%
MCXIV 1114
0%
MCXIX 1119
0%
MCXXI 1121
0%
MCXXV 1125
0%
MCXXIX 1129
0%
MCXXXI 1131
0%
MCXXXII 1132
0%
MCXXXIV 1134
0%
MCXL 1140
0%
MCXLIV 1144
0%
MCXLVIII 1148
0%
MCLI 1151
0%
MCLVIII 1158
0%
MCLXIII 1163
0%
MCLXV 1165
0%
MCLXVI 1166
0%
MCLXVII 1167
0%
MCLXXVII 1177
0%
MCLXXXIII 1183
0%
MCLXXXV 1185
0%
MCLXXXVI 1186
0%
MCXCII 1192
0%
MCXCVII 1197
0%
MCXCIX 1199
0%
MCCIII 1203
0%
MCCXXII 1222
0%
MCCXXIV 1224
0%
MCCXXV 1225
0%
MCCXXXII 1232
0%
MCCXXXIII 1233
0%
MCCXXXV 1235
0%
MCCXXXVI 1236
0%
MCCXLIII 1243
0%
MCCLI 1251
0%
MCCLXIII 1263
0%
MCCLXIV 1264
0%
MCCLXVII 1267
0%
MCCLXIX 1269
0%
MCCLXXXII 1282
0%
MCCLXXXV 1285
0%
MCCLXXXVI 1286
0%
MCCLXXXIX 1289
0%
MCCXCV 1295
0%
MCCC 1300
0%
MCCCX 1310
0%
MCCCXIII 1313
0%
MCCCXVI 1316
0%
MCCCXX 1320
0%
MCCCXXII 1322
0%
MCCCXL 1340
0%
MCCCXLVI 1346
0%
MCCCLI 1351
0%
MCCCLV 1355
0%
MCCCLXVI 1366
0%
MCCCLXIX 1369
0%
MCCCLXX 1370
0%
MCCCLXXII 1372
0%
MCCCLXXVI 1376
0%
MCCCLXXXIV 1384
0%
MCCCLXXXV 1385
0%
MCCCLXXXVIII 1388
0%
MCCCLXXXIX 1389
0%
MCCCXCIII 1393
0%
MCCCXCV 1395
0%
MCCCXCVII 1397
0%
MCDI 1401
0%
MCDVI 1406
0%
MCDXI 1411
0%
MCDXII 1412
0%
MCDXIII 1413
0%
MCDXIX 1419
0%
MCDXX 1420
0%
MCDXXI 1421
0%
MCDXXII 1422
0%
MCDXXXII 1432
0%
MCDXXXVI 1436
0%
MCDXXXVIII 1438
0%
MCDXXXIX 1439
0%
MCDXLII 1442
0%
MCDXLIII 1443
0%
MCDXLVIII 1448
0%
MCDLI 1451
0%
MCDLIII 1453
0%
MCDLVI 1456
0%
MCDLVII 1457
0%
MCDLIX 1459
0%
MCDLX 1460
0%
MCDLXII 1462
0%
MCDLXIII 1463
0%
MCDLXV 1465
0%
MCDLXXIII 1473
0%
MCDLXXIV 1474
0%
MCDLXXV 1475
0%
MCDLXXVII 1477
0%
MCDLXXXIII 1483
0%
MCDLXXXVII 1487
0%
MCDLXXXVIII 1488
0%
MCDXC 1490
0%
MCDXCI 1491
0%
MCDXCV 1495
0%
MCDXCVI 1496
0%
MCDXCVII 1497
0%
MCDXCVIII 1498
0%
MDI 1501
0%
MDXVI 1516
0%
MDXVII 1517
0%
MDXIX 1519
0%
MDXXII 1522
0%
MDXXVI 1526
0%
MDXXVII 1527
0%
MDXXXI 1531
0%
MDXXXVI 1536
0%
MDXXXVIII 1538
0%
MDXLVIII 1548
0%
MDLVII 1557
0%
MDLXII 1562
0%
MDLXIII 1563
0%
MDLXIX 1569
0%
MDLXXXI 1581
0%
MDLXXXIII 1583
0%
MDLXXXVII 1587
0%
MDLXXXVIII 1588
0%
MDXCI 1591
0%
MDXCIII 1593
0%
MDXCIV 1594
0%
MDXCVI 1596
0%
MDCIII 1603
0%
MDCXII 1612
0%
MDCXIV 1614
0%
MDCXVI 1616
0%
MDCXXIII 1623
0%
MDCXXIV 1624
0%
MDCXXVI 1626
0%
MDCXXXII 1632
0%
MDCXXXVII 1637
0%
MDCXL 1640
0%
MDCXLV 1645
0%
MDCXLVII 1647
0%
MDCLV 1655
0%
MDCLIX 1659
0%
MDCLX 1660
0%
MDCLXI 1661
0%
MDCLXII 1662
0%
MDCLXIII 1663
0%
MDCLXVIII 1668
0%
MDCLXIX 1669
0%
MDCLXXIII 1673
0%
MDCLXXVI 1676
0%
MDCLXXVII 1677
0%
MDCLXXVIII 1678
0%
MDCLXXXI 1681
0%
MDCLXXXII 1682
0%
MDCLXXXIII 1683
0%
MDCLXXXIX 1689
0%
MDCXCI 1691
0%
MDCC 1700
0%
MDCCIII 1703
0%
MDCCIV 1704
0%
MDCCVI 1706
0%
MDCCVIII 1708
0%
MDCCX 1710
0%
MDCCXII 1712
0%
MDCCXIII 1713
0%
MDCCXIV 1714
0%
MDCCXXII 1722
0%
MDCCXXV 1725
0%
MDCCXXVI 1726
0%
MDCCXXVII 1727
0%
MDCCXXXV 1735
0%
MDCCXLIII 1743
0%
MDCCXLVI 1746
0%
MDCCXLVIII 1748
0%
MDCCLXXV 1775
0%
MDCCLXXVIII 1778
0%
MDCCLXXXIV 1784
0%
MDCCLXXXVIII 1788
0%
MDCCXCVII 1797
0%
MDCCXCVIII 1798
0%
MDCCCIV 1804
0%
MDCCCVI 1806
0%
MDCCCXII 1812
0%
MDCCCXIII 1813
0%
MDCCCXIX 1819
0%
MDCCCXXI 1821
0%
MDCCCXXII 1822
0%
MDCCCXXIX 1829
0%
MDCCCXXXII 1832
0%
MDCCCXXXVIII 1838
0%
MDCCCXLI 1841
0%
MDCCCXLII 1842
0%
MDCCCXLVI 1846
0%
MDCCCXLIX 1849
0%
MDCCCLVI 1856
0%
MDCCCLVIII 1858
0%
MDCCCLX 1860
0%
MDCCCLXI 1861
0%
MDCCCLXIII 1863
0%
MDCCCLXIV 1864
0%
MDCCCLXV 1865
0%
MDCCCLXXII 1872
0%
MDCCCLXXIV 1874
0%
MDCCCLXXV 1875
0%
MDCCCLXXVI 1876
0%
MDCCCLXXIX 1879
0%
MDCCCLXXXVI 1886
0%
MDCCCLXXXVII 1887
0%
MDCCCLXXXIX 1889
0%
MDCCCXCI 1891
0%
MDCCCXCIII 1893
0%
MDCCCXCVII 1897
0%
MCM 1900
0%
MCMI 1901
0%
MCMII 1902
0%
MCMIV 1904
0%
MCMXVIII 1918
0%
MCMXIX 1919
0%
MCMXXV 1925
0%
MCMXXVII 1927
0%
MCMXXVIII 1928
0%
MCMXXXII 1932
0%
MCMXXXV 1935
0%
MCMXXXVIII 1938
0%
MCMXL 1940
0%
MCMXLV 1945
0%
MCMLII 1952
0%
MCMLIV 1954
0%
MCMLIX 1959
0%
MCMLXV 1965
0%
MCMLXVI 1966
0%
MCMLXXVI 1976
0%
MCMLXXVII 1977
0%
MCMLXXVIII 1978
0%
MCMLXXX 1980
0%
MCMLXXXI 1981
0%
MCMXCIII 1993
0%
MCMXCVI 1996
0%
MCMXCIX 1999
0%
DXV 515
0%
DXVIII 518
0%
DXIX 519
0%
DXXIII 523
0%
DXXVII 527
0%
DXXXI 531
0%
DXXXVIII 538
0%
DLIII 553
0%
DLIV 554
0%
DLV 555
0%
DLVIII 558
0%
DLIX 559
0%
DLX 560
0%
DLXI 561
0%
DLXII 562
0%
DLXVIII 568
0%
DLXXVIII 578
0%
DLXXXVI 586
0%
DXC 590
0%
DXCII 592
0%
DXCV 595
0%
DXCVIII 598
0%
DCXII 612
0%
DCXVI 616
0%
DCXXIV 624
0%
DCXXVI 626
0%
DCXXXV 635
0%
DCXLIII 643
0%
DCXLVII 647
0%
DCXLVIII 648
0%
DCLV 655
0%
DCLVII 657
0%
DCLXIV 664
0%
DCLXV 665
0%
DCLXVIII 668
0%
DCLXXIII 673
0%
DCLXXVII 677
0%
DCLXXVIII 678
0%
DCLXXIX 679
0%
DCLXXXIV 684
0%
DCLXXXV 685
0%
DCLXXXVIII 688
0%
DCXCII 692
0%
DCXCVII 697
0%
DCXCVIII 698
0%
DCCIV 704
0%
DCCXIII 713
0%
DCCXVIII 718
0%
DCCXX 720
0%
DCCXXVI 726
0%
DCCXXX 730
0%
DCCXXXIV 734
0%
DCCXXXVIII 738
0%
DCCXXXIX 739
0%
DCCXLIII 743
0%
DCCXLIV 744
0%
DCCXLIX 749
0%
DCCLI 751
0%
DCCLV 755
0%
DCCLX 760
0%
DCCLXIII 763
0%
DCCLXXIII 773
0%
DCCLXXVI 776
0%
DCCLXXXI 781
0%
DCCLXXXIV 784
0%
DCCLXXXV 785
0%
DCCXCIV 794
0%
DCCXCVI 796
0%
DCCXCVIII 798
0%
DCCCI 801
0%
DCCCVI 806
0%
DCCCXXIII 823
0%
DCCCXXVIII 828
0%
DCCCXXIX 829
0%
DCCCXLVI 846
0%
DCCCLIV 854
0%
DCCCLVII 857
0%
DCCCLXII 862
0%
DCCCLXVI 866
0%
DCCCLXVIII 868
0%
DCCCLXXIII 873
0%
DCCCLXXVI 876
0%
DCCCLXXIX 879
0%
DCCCLXXXI 881
0%
DCCCLXXXII 882
0%
DCCCLXXXVII 887
0%
DCCCXCI 891
0%
DCCCXCIV 894
0%
DCCCXCVIII 898
0%
DCCCXCIX 899
0%
CM 900
0%
CMII 902
0%
CMXIII 913
0%
CMXVII 917
0%
CMXXVI 926
0%
CMXXXV 935
0%
CMXXXVI 936
0%
CMXL 940
0%
CMXLV 945
0%
CMXLIX 949
0%
CMLI 951
0%
CMLIV 954
0%
CMLVIII 958
0%
CMLXIV 964
0%
CMLXIX 969
0%
CMLXXI 971
0%
CMLXXVII 977
0%
CMLXXX 980
0%
CMLXXXVIII 988
0%
CMXC 990
0%
CMXCII 992
0%
CMXCIII 993
0%
CMXCIV 994
0%
CMXCIX 999
0%
Geen overeenkomende quizzen gevonden
Scoreverdeling
Procent van Mensen met Elke Score
Percentiel versus Aantal Correcte Antwoorden
Uw Scoregeschiedenis
U heeft deze quiz nog niet genomen